[Event "February Lviv Tradition-IM 2020"]
[Site "Lviv"]
[Date "2020.02.19"]
[Round "4.5"]
[White "Shkuran, Danylo"]
[Black "Roshka, Yevgeniy"]
[Result "0-1"]
[WhiteElo "2329"]
[BlackElo "2456"]
[Annotator "TA"]
[PlyCount "112"]
[EventDate "2020.02.17"]
[EventType "tourn"]
[EventCountry "UKR"]
[SourceTitle "playchess.com"]
[Source "ChessBase"]
[SourceQuality "1"]

{[%evp 14,112,0,-26,0,0,0,-19,-17,-55,-4,-12,28,5,134,7,70,85,77,70,178,0,0,0,-9,0,25,23,22,24,31,23,17,30,19,25,31,31,80,29,50,39,47,-68,-62,-123,-123,-103,-56,-62,-19,-12,-14,-19,0,-20,-25,-37,-32,-104,-7,-7,0,-71,-56,-145,-90,-83,-76,-115,-109,-208,-210,-203,-106,-103,-97,-96,-71,-64,-70,-84,-27,-88,-71,-71,-75,-162,-163,-172,-146,-174,-188,-279,-275,-362,-362,-1331,-5057,-2305,-856]} 1. Nf3 g6 2. g3 Bg7 3. Bg2 e5 4. d3 d5 5. O-O Ne7 6. Nbd2 O-O 7. e4 Nbc6 8. Re1 h6 {A07: Réti Opening: New York and Capablanca Systems.} 9. c3 a5 10. a4 Be6 {The position is equal.} 11. Qc2 {[#]} Kh7 $146 (11... d4 $15) ({Predecessor:} 11... Qd7 12. b3 Rad8 13. Bb2 f5 14. exd5 Bxd5 15. Rad1 Rfe8 16. Nc4 Nc8 17. Rd2 Nb6 {½-½ (72) Naroditsky,D (2621)-Hansen,E (2606) chess.com INT 2020}) 12. b3 $11 f5 13. Ba3 Qd7 (13... dxe4 $11 {remains equal.} 14. dxe4 f4) 14. Rad1 (14. exd5 $16 Bxd5 15. Bxe7 Nxe7 16. Nxe5 Bxe5 17. Rxe5 Bxg2 18. Kxg2) 14... Rad8 (14... Rfe8 $11) 15. exd5 $14 Bxd5 16. Nc4 e4 ({Black should try} 16... Bxc4 $14 17. bxc4 (17. dxc4 Qe8 $16) 17... Rfe8) 17. Bxe7 $2 (17. dxe4 $18 fxe4 18. Nh4) 17... Qxe7 $11 18. d4 Qf7 19. Nfd2 Be6 20. f3 exf3 $1 21. Bxf3 Bd5 22. Bxd5 Qxd5 23. Ne3 Qd7 24. Ng2 Rfe8 25. Nc4 Qd5 26. Qd3 (26. Nf4 $16 Qf7 27. Qg2) 26... b5 27. axb5 Qxb5 28. Qc2 (28. Nf4 $14) 28... a4 $15 29. Rb1 (29. Nd2 $1 $15) 29... Rxe1+ $17 30. Nxe1 Re8 {aiming for ...axb3.} 31. Nf3 Qd5 32. Qd3 axb3 33. Rxb3 f4 34. gxf4 Re4 35. Ncd2 Rxf4 {Threatens to win with ...Ne5!} 36. Rb1 {[#]} (36. Qe3 $15 Rf7 37. Rb1) 36... Rg4+ (36... Ne5 $1 $17 {[%cal Re5d3][%mdl 512]} 37. Nxe5 (37. dxe5 Qxd3) 37... Bxe5 {[%mdl 64] Pin}) 37. Kf2 $11 Ne7 38. Rg1 (38. Re1 $11 Qd7 39. Re4) 38... Rf4 $17 39. Ke2 ({Better is} 39. Kg2 $15) 39... Nf5 ({Black should play} 39... Qh5 40. Rb1 Nd5) 40. Qa6 c6 41. Qd3 c5 {[%cal Rc5d4]} 42. dxc5 (42. Qc4 $17 Qxc4+ 43. Nxc4) 42... Qxc5 $19 43. Ne4 {[#]} Qe7 (43... Qb6 $1 $19 {...Rxf3! is the strong threat.} 44. Rf1 Rg4) 44. Nfd2 $17 Qh4 45. h3 Ne7 46. Kd1 Qh5+ 47. Kc1 Nd5 (47... Qa5 $17 {White must now prevent ...Nd5.} 48. Qd6 Qa1+ 49. Kc2 Qa2+ 50. Kd3 Rf7) 48. Rf1 (48. c4 $1 $11 Rxe4 49. Nxe4) 48... Rxf1+ 49. Nxf1 Nf4 50. Qe3 (50. Qd7 $17 {was worth a try.} Qe5 51. Nfg3) 50... Nxh3 $19 51. Nfd2 Qf5 52. c4 Nf4 53. c5 {[#]} (53. Kd1 {was necessary.}) 53... Bd4 $1 {[%mdl 512]} 54. Qa3 {[#]} (54. Qxd4 Ne2+) 54... Bxc5 $1 {[%mdl 576] Decoy} 55. Nxc5 $2 {[#]} (55. Qa5) (55. Qxc5 Nd3+) 55... Qxc5+ $1 {[%mdl 576] Remove Defender} 56. Qxc5 Nd3+ {[%mdl 64] Double Attack. Accuracy: White = 44%, Black = 57%.} 0-1

[Event "February Lviv Tradition-IM 2020"]
[Site "Lviv"]
[Date "2020.02.19"]
[Round "5.1"]
[White "Roshka, Yevgeniy"]
[Black "Kowalski, Igor"]
[Result "1-0"]
[WhiteElo "2456"]
[BlackElo "2332"]
[Annotator "ChessBase"]
[PlyCount "97"]
[EventDate "2020.02.17"]
[EventType "tourn"]
[EventCountry "UKR"]
[SourceTitle "playchess.com"]
[Source "ChessBase"]
[SourceQuality "1"]
[TimeControl "5400+30"]

1. d4 {[%emt 0:00:00]} e6 {[%emt 0:00:00]} 2. e4 {[%emt 0:02:53]} d5 {[%emt 0:00:00]} 3. Nd2 {[%emt 0:00:01]} Be7 {[%emt 0:00:00]} 4. c3 {[%emt 0:00:12]} Nf6 {[%emt 0:06:01]} 5. e5 {[%emt 0:01:22]} Nfd7 {[%emt 0:00:02]} 6. Bd3 {[%emt 0:04:10]} c5 {[%emt 0:00:04]} 7. Ne2 {[%emt 0:00:17]} b6 {[%emt 0:01:35]} 8. f4 {[%emt 0:02:02]} Ba6 {[%emt 0:01:12]} 9. Bxa6 {[%emt 0:03:02]} Nxa6 {[%emt 0:00:04]} 10. O-O {[%emt 0:25:24]} g6 {[%emt 0:03:25]} 11. g4 {[%emt 0:04:39]} Qc7 {[%emt 0:07:14]} 12. f5 {[%emt 0:00:43]} O-O-O {[%emt 0:00:31]} 13. f6 {[%emt 0:07:13]} Bf8 {[%emt 0:00:14]} 14. Nf3 {[%emt 0:00:02]} Ndb8 {[%emt 0:02:15]} 15. Nf4 {[%emt 0:04:10]} Kb7 {[%emt 0:03:15]} 16. h4 {[%emt 0:00:30]} h6 {[%emt 0:02:09]} 17. Be3 {[%emt 0:01:10]} Nc6 {[%emt 0:00:27]} 18. a3 {[%emt 0:10:55]} c4 {[%emt 0:01:21]} 19. Qc2 {[%emt 0:00:11]} Qd7 {[%emt 0:00:38]} 20. Nxg6 {[%emt 0:05:04]} fxg6 {[%emt 0:00:09]} 21. Qxg6 {[%emt 0:00:01]} Nc7 {[%emt 0:05:02]} 22. Rf2 {[%emt 0:01:17]} b5 {[%emt 0:01:25]} 23. g5 {[%emt 0:01:39]} hxg5 {[%emt 0:07:55]} 24. hxg5 {[%emt 0:00:09]} Ne7 {[%emt 0:00:05]} 25. Qf7 {[%emt 0:06:59]} Nf5 {[%emt 0:02:32]} 26. Qxd7 {[%emt 0:00:04]} Rxd7 {[%emt 0:00:02]} 27. Bf4 {[%emt 0:00:03]} Rdh7 {[%emt 0:02:29]} 28. Rh2 {[%emt 0:01:39]} Rxh2 {[%emt 0:01:47]} 29. Bxh2 {[%emt 0:00:02]} Kc6 {[%emt 0:02:48]} 30. Bf4 {[%emt 0:02:45]} a5 {[%emt 0:03:48]} 31. Kf2 {[%emt 0:01:32]} Rg8 {[%emt 0:00:52]} 32. Rg1 {[%emt 0:02:36]} b4 {[%emt 0:06:51]} 33. axb4 {[%emt 0:00:26]} axb4 {[%emt 0:00:02]} 34. Rh1 {[%emt 0:01:45]} bxc3 {[%emt 0:04:46]} 35. bxc3 {[%emt 0:00:01]} Nb5 {[%emt 0:00:06]} 36. Bd2 {[%emt 0:00:13]} Kd7 {[%emt 0:04:10]} 37. Rh7+ {[%emt 0:00:29]} Kc6 {[%emt 0:00:01]} 38. Nh4 {[%emt 0:02:08]} Nxh4 {[%emt 0:08:12]} 39. Rxh4 {[%emt 0:00:07]} Na3 {[%emt 0:02:35]} 40. Rh1 {[%emt 0:00:46]} Kb5 {[%emt 0:00:56]} 41. Rh7 {[%emt 0:00:22]} Kc6 {[%emt 0:00:52]} 42. Rf7 {[%emt 0:05:11]} Nb1 {[%emt 0:00:23]} 43. Be1 {[%emt 0:00:45]} Bb4 {[%emt 0:07:31]} 44. Rg7 {[%emt 0:00:19]} Ra8 {[%emt 0:00:35]} 45. cxb4 {[%emt 0:00:22]} c3 {[%emt 0:00:12]} 46. Bxc3 {[%emt 0:01:50]} Nxc3 {[%emt 0:00:02]} 47. g6 {[%emt 0:01:15]} Ra2+ {[%emt 0:00:27]} 48. Kf3 {[%emt 0:00:24]} Nd1 {[%emt 0:00:23]} 49. Re7 {[%emt 0:00:11]} 1-0

[Event "February Lviv Tradition-IM 2020"]
[Site "Lviv"]
[Date "2020.02.19"]
[Round "5.2"]
[White "Vakulenko, Oleksandr"]
[Black "Shkuran, Danylo"]
[Result "0-1"]
[WhiteElo "2262"]
[BlackElo "2329"]
[Annotator "NA"]
[PlyCount "76"]
[EventDate "2020.02.17"]
[EventType "tourn"]
[EventCountry "UKR"]
[SourceTitle "playchess.com"]
[Source "ChessBase"]
[SourceQuality "1"]
[TimeControl "5400+30"]

1. d4 {[%emt 0:00:00]} Nf6 {[%emt 0:00:20]} 2. c4 {[%emt 0:00:00]} d6 {[%emt 0:01:20]} 3. Nc3 {[%emt 0:01:35]} Nbd7 {[%emt 0:00:40]} 4. e4 {[%emt 0:01:18]} e5 {[%emt 0:00:55]} 5. Nge2 {[%emt 0:01:11]} Be7 {[%emt 0:00:49]} 6. f3 {[%emt 0:03:09]} O-O {[%emt 0:00:51]} 7. Be3 {[%emt 0:00:05]} c6 {[%emt 0:03:36]} 8. d5 {[%emt 0:00:13]} cxd5 {[%emt 0:04:24]} 9. cxd5 {[%emt 0:00:07]} a5 {[%emt 0:01:46]} 10. Nb5 {[%emt 0:05:08]} Ne8 {[%emt 0:02:57]} 11. Qd2 {[%emt 0:02:24]} Nc5 {[%emt 0:02:41]} 12. Nec3 {[%emt 0:11:29]} b6 {[%emt 0:03:38]} 13. Bc4 {[%emt 0:02:15]} h6 {[%emt 0:06:34]} 14. Bf2 {[%emt 0:06:31]} Bh4 {[%emt 0:10:02]} 15. g3 {[%emt 0:01:30]} Bg5 {[%emt 0:00:05]} 16. f4 {[%emt 0:00:54]} exf4 {[%emt 0:03:45]} 17. gxf4 {[%emt 0:00:10]} Bh4 {[%emt 0:00:55]} 18. O-O-O {[%emt 0:00:58]} Bxf2 {[%emt 0:04:30]} 19. Qxf2 {[%emt 0:00:07]} Ba6 {[%emt 0:01:06]} 20. Qd4 {[%emt 0:10:25]} Nd7 {[%emt 0:12:39]} 21. Rhg1 {[%emt 0:05:37]} f6 {[%emt 0:16:35]} 22. Rg6 {[%emt 0:04:55]} Rf7 {[%emt 0:00:41]} 23. Rdg1 {[%emt 0:00:44]} Kh8 {[%emt 0:00:32]} 24. Qd3 {[%emt 0:04:07]} Nf8 {[%emt 0:00:46]} 25. e5 {[%emt 0:03:31]} fxe5 {[%emt 0:13:25]} 26. fxe5 {[%emt 0:00:10]} dxe5 {[%emt 0:00:33]} 27. d6 {[%emt 0:02:43]} Bxb5 {[%emt 0:04:36]} 28. Bxb5 {[%emt 0:17:33]} Nxg6 {[%emt 0:00:13]} 29. Qxg6 {[%emt 0:00:27]} Qf6 {[%emt 0:01:52]} 30. Qg2 {[%emt 0:00:24]} Rd8 {[%emt 0:00:24]} 31. d7 {[%emt 0:02:34]} Nd6 {[%emt 0:00:30]} 32. Bc6 {[%emt 0:00:27]} Qf4+ {[%emt 0:01:21]} 33. Kb1 {[%emt 0:00:23]} Qf2 {[%emt 0:00:08]} 34. Qh1 {[%emt 0:00:56]} Nc4 {[%emt 0:00:25]} 35. Nd1 {[%emt 0:00:11]} Qf5+ {[%emt 0:00:46]} 36. Ka1 {[%emt 0:00:19]} Qf4 {[%emt 0:01:03]} 37. Kb1 {[%emt 0:01:13]} Nd2+ {[%emt 0:00:20]} 38. Kc2 {[%emt 0:01:33]} Nf3 {[%emt 0:00:06]} 0-1

[Event "February Lviv Tradition-IM 2020"]
[Site "Lviv"]
[Date "2020.02.19"]
[Round "5.3"]
[White "Bets, Anatolij"]
[Black "Sydoryka, Vladyslav"]
[Result "1/2-1/2"]
[WhiteElo "2249"]
[BlackElo "2318"]
[Annotator "NA"]
[PlyCount "60"]
[EventDate "2020.02.17"]
[EventType "tourn"]
[EventCountry "UKR"]
[SourceTitle "playchess.com"]
[Source "ChessBase"]
[SourceQuality "1"]
[TimeControl "5400+30"]

1. d4 {[%emt 0:00:00]} Nf6 {[%emt 0:00:00]} 2. Nf3 {[%emt 0:00:00]} c5 {[%emt 0:00:25]} 3. e3 {[%emt 0:00:48]} cxd4 {[%emt 0:04:49]} 4. exd4 {[%emt 0:00:30]} d5 {[%emt 0:00:16]} 5. c3 {[%emt 0:03:00]} Nc6 {[%emt 0:00:22]} 6. h3 {[%emt 0:01:13]} Bf5 {[%emt 0:02:04]} 7. Bd3 {[%emt 0:00:52]} Bxd3 {[%emt 0:00:22]} 8. Qxd3 {[%emt 0:00:01]} e6 {[%emt 0:00:15]} 9. Bf4 {[%emt 0:00:26]} Bd6 {[%emt 0:00:25]} 10. Bxd6 {[%emt 0:00:10]} Qxd6 {[%emt 0:00:07]} 11. Nbd2 {[%emt 0:01:55]} O-O {[%emt 0:00:26]} 12. O-O {[%emt 0:00:37]} Rae8 {[%emt 0:01:10]} 13. Rfe1 {[%emt 0:00:31]} Nd7 {[%emt 0:00:51]} 14. Rad1 {[%emt 0:09:43]} f6 {[%emt 0:04:25]} 15. c4 {[%emt 0:03:35]} dxc4 {[%emt 0:12:00]} 16. Nxc4 {[%emt 0:00:22]} Qd5 {[%emt 0:01:40]} 17. b3 {[%emt 0:00:29]} Nb6 {[%emt 0:01:01]} 18. Re2 {[%emt 0:27:19]} Rd8 {[%emt 0:04:25]} 19. Red2 {[%emt 0:03:02]} Rd7 {[%emt 0:02:57]} 20. Qe2 {[%emt 0:01:45]} Rfd8 {[%emt 0:06:57]} 21. Re1 {[%emt 0:01:03]} Re7 {[%emt 0:00:27]} 22. Red1 {[%emt 0:01:41]} Red7 {[%emt 0:00:36]} 23. Re1 {[%emt 0:00:25]} Re7 {[%emt 0:00:17]} 24. Red1 {[%emt 0:00:13]} Red7 {[%emt 0:00:15]} 25. Re1 {[%emt 0:00:13]} Re7 {[%emt 0:00:17]} 26. Red1 {[%emt 0:00:16]} Red7 {[%emt 0:00:13]} 27. Re1 {[%emt 0:00:16]} Re7 {[%emt 0:00:07]} 28. Red1 {[%emt 0:00:08]} Red7 {[%emt 0:00:03]} 29. Re1 {[%emt 0:00:04]} Re7 {[%emt 0:00:05]} 30. Red1 {[%emt 0:00:06]} Red7 {[%emt 0:00:07]} 1/2-1/2

[Event "February Lviv Tradition-IM 2020"]
[Site "Lviv"]
[Date "2020.02.19"]
[Round "5.4"]
[White "Malynovskyi, Rostyslav"]
[Black "Kagramanianz, Vartan"]
[Result "1-0"]
[WhiteElo "2238"]
[BlackElo "2238"]
[Annotator "NA"]
[PlyCount "65"]
[EventDate "2020.02.17"]
[EventType "tourn"]
[EventCountry "UKR"]
[SourceTitle "playchess.com"]
[Source "ChessBase"]
[SourceQuality "1"]
[TimeControl "5400+30"]

1. c4 {[%emt 0:00:00]} c5 {[%emt 0:00:00]} 2. g3 {[%emt 0:00:00]} Nc6 {[%emt 0:00:41]} 3. Bg2 {[%emt 0:00:00]} g6 {[%emt 0:01:22]} 4. Nc3 {[%emt 0:00:06]} Bg7 {[%emt 0:00:27]} 5. Nf3 {[%emt 0:01:04]} d6 {[%emt 0:03:31]} 6. O-O {[%emt 0:03:59]} e5 {[%emt 0:03:49]} 7. a3 {[%emt 0:05:37]} a5 {[%emt 0:04:15]} 8. d3 {[%emt 0:03:47]} Nge7 {[%emt 0:07:38]} 9. Ne1 {[%emt 0:00:18]} O-O {[%emt 0:03:42]} 10. Nc2 {[%emt 0:00:13]} Rb8 {[%emt 0:05:37]} 11. Rb1 {[%emt 0:11:46]} Be6 {[%emt 0:02:18]} 12. b4 {[%emt 0:05:05]} cxb4 {[%emt 0:06:15]} 13. axb4 {[%emt 0:00:10]} d5 {[%emt 0:02:26]} 14. b5 {[%emt 0:16:04]} Nd4 {[%emt 0:05:23]} 15. Ne3 {[%emt 0:00:30]} dxc4 {[%emt 0:03:51]} 16. dxc4 {[%emt 0:01:59]} Qc7 {[%emt 0:18:40]} 17. b6 {[%emt 0:12:10]} Qd7 {[%emt 0:03:33]} 18. Ba3 {[%emt 0:01:34]} Rfc8 {[%emt 0:00:28]} 19. Ne4 {[%emt 0:08:12]} Nef5 {[%emt 0:12:27]} 20. Nxf5 {[%emt 0:02:59]} Nxf5 {[%emt 0:01:33]} 21. Qxd7 {[%emt 0:01:32]} Bxd7 {[%emt 0:00:08]} 22. Nd6 {[%emt 0:00:14]} Nd4 {[%emt 0:09:44]} 23. Nxc8 {[%emt 0:02:22]} Nxe2+ {[%emt 0:00:07]} 24. Kh1 {[%emt 0:00:03]} Bxc8 {[%emt 0:00:18]} 25. Bd6 {[%emt 0:02:37]} Ra8 {[%emt 0:00:03]} 26. c5 {[%emt 0:00:29]} Nc3 {[%emt 0:00:15]} 27. Rb3 {[%emt 0:13:03]} e4 {[%emt 0:00:20]} 28. Rc1 {[%emt 0:02:41]} Ne2 {[%emt 0:00:28]} 29. Re1 {[%emt 0:00:28]} Nd4 {[%emt 0:00:55]} 30. Rxe4 {[%emt 0:01:21]} Bd7 {[%emt 0:02:39]} 31. Rxd4 {[%emt 0:01:09]} Bxd4 {[%emt 0:00:07]} 32. c6 {[%emt 0:02:03]} Bxc6 {[%emt 0:01:50]} 33. Bxc6 {[%emt 0:00:05]} 1-0

[Event "February Lviv Tradition-IM 2020"]
[Site "Lviv"]
[Date "2020.02.19"]
[Round "5.5"]
[White "Bognar, Csaba"]
[Black "Kryvoruchko, Vita"]
[Result "0-1"]
[WhiteElo "2128"]
[BlackElo "2146"]
[Annotator "NA"]
[PlyCount "72"]
[EventDate "2020.02.17"]
[EventType "tourn"]
[EventCountry "UKR"]
[SourceTitle "playchess.com"]
[Source "ChessBase"]
[SourceQuality "1"]
[TimeControl "5400+30"]

1. d4 Nf6 2. c4 c5 3. d5 b5 4. Qc2 d6 5. e4 b4 6. Bd3 g6 7. Ne2 Bg7 8. O-O O-O 9. f3 Nbd7 10. Ng3 Ne5 11. Be2 e6 12. Be3 a5 13. Nd2 h5 14. h3 exd5 15. cxd5 Ba6 16. f4 Ned7 17. Rae1 Re8 18. Nh1 Nxd5 19. exd5 Rxe3 20. Bxa6 Rxe1 21. Rxe1 Rxa6 22. Nf3 Ra8 23. f5 g5 24. g4 hxg4 25. hxg4 Ne5 26. Nxe5 Bxe5 27. Kg2 Qf6 28. Nf2 Bxb2 29. Re2 Be5 30. Re1 Kg7 31. Ne4 Rh8 32. Qc1 Rh2+ 33. Kf3 Qh6 34. Nxg5 Qh4 35. f6+ Bxf6 36. Ne4 Qh3+ {Qd1} 0-1

[Event "February Lviv Tradition-IM 2020"]
[Site "Lviv"]
[Date "2020.02.20"]
[Round "6.1"]
[White "Kowalski, Igor"]
[Black "Kryvoruchko, Vita"]
[Result "1-0"]
[WhiteElo "2332"]
[BlackElo "2146"]
[Annotator "TA"]
[PlyCount "97"]
[EventDate "2020.02.17"]
[EventType "tourn"]
[EventCountry "UKR"]
[SourceTitle "playchess.com"]
[Source "ChessBase"]
[SourceQuality "1"]

{[%evp 20,97,10,0,0,0,0,0,0,-8,-5,-6,-7,-12,25,-6,-6,-54,-12,-10,0,0,-9,-10,0,-11,0,-11,-10,-9,0,0,0,0,0,0,0,0,0,0,0,0,0,0,3,7,8,15,29,15,29,0,0,0,0,0,17,0,0,0,392,382,643,549,2364,1987,5110,4565,3428,2260,723,625,5377,2673,29970,29970,29975,29976,29988,29989]} 1. d4 Nf6 2. c4 e6 3. Nf3 d5 4. Nc3 Be7 5. Bf4 O-O 6. e3 c5 7. dxc5 Bxc5 8. a3 Nc6 9. Qc2 Qa5 10. Nd2 Be7 11. Nb3 Qb6 {D37: Queen's Gambit Declined: 5 Bf4.} 12. Rd1 {[%cal Rc4d5]} Na5 13. Nxa5 Qxa5 {The position is equal.} 14. Bd3 dxc4 15. Bxc4 {[#]} Bd7 $146 ({Predecessor:} 15... b5 16. Bxb5 Nd5 17. Bc6 Nxc3 18. Qxc3 Qxc3+ 19. bxc3 Ba6 20. Bxa8 Rxa8 21. Bd6 Bf6 22. f3 Rc8 23. Kf2 Rxc3 24. Rc1 Rb3 25. Rb1 Rxb1 26. Rxb1 g5 27. Rb8+ {1-0 (27) Wilde,J (1981)-Bonath,M (1802) Dortmund 2019}) 16. O-O Bc6 17. Qb3 (17. b4 $5 {[%cal Rb4a5]} Qh5 18. Be2 $11) 17... Rfd8 18. h3 Rxd1 19. Rxd1 Rd8 20. Rxd8+ Qxd8 21. Qc2 a6 22. Ba2 g6 23. Ne2 Be4 24. Qc1 Nd5 25. Be5 Bf6 26. Bxd5 Bxd5 27. Bxf6 Qxf6 28. f3 e5 29. e4 Qb6+ 30. Kh2 Be6 31. Qc3 Qf2 32. Ng3 f6 33. Qb4 b6 $1 34. Qe7 $36 {[%mdl 2048] White has good play.} Bf7 35. b4 Kg7 36. Qa7 h5 37. Qxa6 h4 38. Nf1 Be6 39. a4 {[%cal Ba3a4,Ba4a5][%mdl 32] a5 is the strong threat.} f5 $2 {[%mdl 8192] [#]} (39... g5 $11) 40. a5 $18 fxe4 $2 (40... Bf7 41. exf5 (41. Qxb6 Qxf1 42. Qc7 Qa1 $11) (41. axb6 fxe4 42. fxe4 Qf4+ {[%mdl 64] Double Attack} 43. Kg1 Qxe4 $16) 41... gxf5 42. axb6 e4) 41. Qxb6 Qxf1 42. Qxe6 exf3 43. Qxe5+ {[%mdl 4096] Endgame KQ-KQ} Kh7 44. Qc7+ Kg8 45. Qc8+ Kg7 {[%csl Gf3][%cal Rf1g2] [#]} 46. Qb7+ (46. Qc3+ $142 Kh6 47. Qxf3) 46... Kh6 47. Qxf3 {White mates.} Qb5 48. Qf8+ Kh5 49. Qc5+ {Accuracy: White = 91%, Black = 61%.} 1-0

[Event "February Lviv Tradition-IM 2020"]
[Site "Lviv"]
[Date "2020.02.20"]
[Round "6.2"]
[White "Kagramanianz, Vartan"]
[Black "Bognar, Csaba"]
[Result "1/2-1/2"]
[WhiteElo "2238"]
[BlackElo "2128"]
[Annotator "TA"]
[PlyCount "62"]
[EventDate "2020.02.17"]
[EventType "tourn"]
[EventCountry "UKR"]
[SourceTitle "playchess.com"]
[Source "ChessBase"]
[SourceQuality "1"]

{[%evp 9,62,46,43,27,27,17,102,-14,-31,0,53,37,208,204,270,159,149,128,101,110,143,52,64,49,97,87,277,294,293,264,314,276,300,4,165,5,0,7,7,0,0,0,0,0,0,0,0,0,0,0,0,0,0,0,0]} 1. d4 Nf6 2. Bf4 g6 3. Nc3 Bg7 4. e4 d6 5. Qd2 c6 6. f3 {B07: Pirc Defence: Miscellaneous Systems.} Nbd7 7. O-O-O O-O {[#]} (7... b5 $11 {remains equal.}) 8. e5 $146 (8. Bh6 $16) ({Predecessor:} 8. Bh6 b5 9. h4 Qa5 10. h5 b4 11. Nb1 Nxh5 12. e5 Bxh6 13. Qxh6 dxe5 14. g4 Nhf6 15. g5 Nh5 16. Bd3 Rd8 17. Rxh5 Nf8 18. Rh4 exd4 19. Ne2 c5 20. Ng3 Rd6 21. Rdh1 Qxa2 22. b3 c4 23. Qxh7+ Nxh7 24. Rxh7 {1-0 (24) Shapiro,D (2410)-Zhukov,I (2136) Samara 2019}) 8... Nd5 $11 9. Nxd5 {Strongly threatening Nc3.} cxd5 (9... dxe5 $11 10. dxe5 cxd5) 10. exd6 $14 e6 $2 (10... e5 $1 $14 11. dxe5 Nxe5) 11. h4 $18 Nf6 12. Bh6 ({White should play} 12. g4 $18) 12... Qxd6 13. h5 Bxh6 (13... Nxh5 $2 14. Rxh5 $1 {[%mdl 512]} Bxh6 15. Rxh6 $18) 14. Qxh6 Nxh5 15. Kb1 (15. Rxh5 $6 gxh5 16. Qg5+ Kh8 $11) ({White should try} 15. Ne2 $16) 15... f5 $1 $14 16. g4 $36 {[%mdl 2048] Black is under pressure.} fxg4 {And now ...Qf4 would win.} 17. Bd3 $1 Rf7 $2 {[#]} (17... Qe7 $16 {was called for.}) 18. Bxg6 $1 $18 {[%mdl 512]} hxg6 19. fxg4 Qf4 20. Qxg6+ Ng7 21. Qh7+ (21. Ne2 $142 Qf3 22. Qh7+ Kf8 23. g5) 21... Kf8 22. Nh3 $2 ({Only move:} 22. Ne2 $18 Qe4 23. Qh2) 22... Qxg4 $11 {The position is equal.} 23. Rdg1 $1 {[%cal Rg1g4]} Qh5 $1 {[%cal Rh5h7]} (23... Qxd4 $6 24. Ng5 $16) 24. Qd3 Qf5 {Hoping for ...Qxd3.} 25. Qa3+ Ke8 $1 26. Ng5 Rf8 $1 27. Nh7 (27. Rh7 $2 {is a self mate.} Qf1+ $1 {[%mdl 512]} 28. Rxf1 Rxf1#) 27... Rf7 28. Ng5 Rf8 $1 29. Nh7 (29. Rh7 $2 {gets mated.} Qf1+ $1 {[%mdl 512]} 30. Rxf1 Rxf1#) 29... Rf7 30. Ng5 Rf8 $1 31. Nh7 (31. Rh7 $2 {[#] leads to mate.} Qf1+ $1 {[%mdl 512]} 32. Rxf1 Rxf1#) 31... Rf7 {Accuracy: White = 57%, Black = 61%.} 1/2-1/2

[Event "February Lviv Tradition-IM 2020"]
[Site "Lviv"]
[Date "2020.02.20"]
[Round "6.3"]
[White "Sydoryka, Vladyslav"]
[Black "Malynovskyi, Rostyslav"]
[Result "1-0"]
[WhiteElo "2318"]
[BlackElo "2238"]
[Annotator "TA"]
[PlyCount "63"]
[EventDate "2020.02.17"]
[EventType "tourn"]
[EventCountry "UKR"]
[SourceTitle "playchess.com"]
[Source "ChessBase"]
[SourceQuality "1"]

{[%evp 9,133,13,15,-2,0,-11,-12,-13,8,2,7,0,0,0,0,0,0,0,0,0,0,0,0,0,0,0,0,0,6,-7,-4,-10,2,-3,0,-23,-22,-40,-14,-18,-17,-33,0,0,0,-31,0,0,-1,-6,0,0,0,0,0,0,0,-12,-2,-22,-29,-25,0,0,0,0,0,0,0,0,0,0,0,0,131,8,40,18,137,137,513,501,1956,1862,2072,1008,1464,1326,1031,0,944,944,944,915,893,893,868,873,803,770,783,637,864,827,29963,29963,29964,29960,9883,10959,29964,29962,29977,29979,29985,29985,29986,29987,29986,29988,29988,29989,29989,29990,29990,29991]} 1. c4 e5 2. g3 c6 3. Nf3 e4 4. Nd4 d5 5. d3 Bc5 6. Nb3 {A20: English Opening: 1...e5.} Bb4+ 7. Bd2 Bxd2+ 8. Qxd2 {The position is equal.} dxc4 9. dxc4 f5 10. Qxd8+ (10. Bh3 {feels hotter.} Nf6 11. Nd4 g6 12. Nc3 Na6 13. O-O-O) 10... Kxd8 11. Nc3 Nf6 {[#]} 12. f3 $146 ({Predecessor:} 12. Nd4 Kc7 13. f3 Re8 14. O-O-O Na6 15. Bg2 Bd7 16. fxe4 fxe4 17. h3 Re5 18. Rhf1 {½-½ (38) Galchenko,M (2368)-Hammer,J (2659) Norway 2018}) 12... Re8 13. Bg2 exf3 14. O-O-O+ Kc7 15. exf3 Na6 16. Rhe1 Bd7 17. Bf1 Rxe1 18. Rxe1 Re8 19. Rd1 g6 20. a3 Be6 21. Kc2 Bf7 22. h3 Nh5 23. g4 Nf4 24. Rd4 Ne6 25. Rd2 Nf4 26. Rd4 Ne6 27. Rd2 Nf4 28. h4 Re1 29. Rf2 Nb8 30. Kd2 Re5 31. Nc1 Nd7 32. b3 {Played: Nc1-d3} 1-0

[Event "February Lviv Tradition-IM 2020"]
[Site "Lviv"]
[Date "2020.02.20"]
[Round "6.4"]
[White "Shkuran, Danylo"]
[Black "Bets, Anatolij"]
[Result "*"]
[WhiteElo "2329"]
[BlackElo "2249"]
[Annotator "TA"]
[PlyCount "43"]
[EventDate "2020.02.17"]
[EventType "tourn"]
[EventCountry "UKR"]
[SourceTitle "playchess.com"]
[Source "ChessBase"]
[SourceQuality "1"]

{[%evp 19,20,-7,0]} 1. e4 c6 2. d4 d5 3. Nc3 dxe4 4. Nxe4 Bf5 5. Ng3 Bg6 6. Nf3 Nd7 7. h4 h6 8. h5 Bh7 9. Bd3 Bxd3 10. Qxd3 e6 {[#]} {Predecessor:} 11. Bd2 $146 {B19: Classical Caro-Kann: 4...Bf5 main line.} Ngf6 12. O-O-O Qc7 13. Ne4 O-O-O 14. g3 Be7 15. Nxf6 Nxf6 16. Qe2 Rhe8 17. Kb1 Nd7 18. Rhe1 Kb8 19. c4 Ka8 20. c5 Qc8 21. Qc4 Nf6 22. Ne5 {1-0 (32) Nakamura,H (2745)-Riazantsev,A (2645) Douglas 2019} *